00818nam a2200217 a 450000100100000000500170001000800410002702000150006804000250008304100390010808200130014710000210016024000410018124501360022226000380035830000210039649000420041753400640045970000350052383000420055800002318920200930022039.0101130s1986 mx 000 0 spa d a968409355x aDO-SdBNPbspacBNPHU17aspaheng2Código de idiomas MARC ann*bnn*1 aHartrich, Edwin.10aThe american opportunity.lEspañol13aLa era de la ecopolítica :b¿puede EUA convertirse en líder mundial? /cEdwin Hartrich ; traducción Patricia Brown de Cenos. aMéxico, D. F. :bEdamex,c1986. a363 p. ;c19 cm.1 aLos libros hacen libres a los hombres aTítulo de la obra en inglés :tThe american opportunity1 aBrown de Cenos, Patricia,etr. 0aLos libros hacen libres a los hombres